LEADER 01195nam2-2200385---450- 001 990003565350203316 005 20111003111451.0 035 $a000356535 035 $aUSA01000356535 035 $a(ALEPH)000356535USA01 035 $a000356535 100 $a20110915d1912----km-y0itay50------ba 101 $aita 102 $aIT 105 $ay|||||||001yy 200 1 $aTesti di morale buddistica$ftraduzione e introduzione del prof. P. E. Pavolini 210 $aLanciano$cCarabba$d1912 215 $a111 p.$d20 cm 225 2 $aCultura dell'anima$v26 300 $aContiene: Dhammapada, Suttanipāta, Itivuttaka 410 0$1001000318122$12001$aCultura dell'anima$v, 26 606 $aBuddismo$xTesti$2BNCF 676 $a294.382 702 1$aPAVOLINI,$bPaolo Emilio 801 0$bsalbc$gISBD 912 $a990003565350203316 951 $aXV.2.A. 202 51$b856 F.C.$cXV.2.A. 959 $aBK 969 $aCUOMO 979 $aCACCAVO$b90$c20110915$lUSA01$h1320 979 $aANNAMARIA$b90$c20110927$lUSA01$h1000 979 $aANNAMARIA$b90$c20110927$lUSA01$h1001 979 $aCACCAVO$b90$c20111003$lUSA01$h1114 996 $aTesti di morale buddistica$91115550 997 $aUNISA